000
00310nam a2200109Ia 4500
008
200302s9999 xx 000 0 und d
100
_a
Joyti Hosagrahar
245
_a
Indigenous Modernities Negotiating Architecture and Urbanism
260
_b
Rortledge Taylor & Francis Group
260
_c
2005
300
_a
234 P.,
999
_c
5128
_d
5128